[Event "Kuwait City Wafra Gulf op 3rd"]
[Site "Kuwait City"]
[Date "2024.05.17"]
[Round "2"]
[White "Aldaihani, Turki"]
[Black "Alazzaz, Abdullah"]
[Result "1-0"]
[WhiteElo "1830"]
[BlackElo "1548"]
[PlyCount "51"]
[EventDate "2024.05.17"]
[EventType "swiss"]
[EventRounds "9"]
[EventCountry "KUW"]
[SourceTitle "CBM 220 Extra"]
[Source "ChessBase"]
[SourceDate "2024.07.31"]
[SourceVersion "1"]
[SourceVersionDate "2024.07.31"]
[SourceQuality "1"]

1. e4 c5 2. a3 e6 3. b4 cxb4 4. axb4 Bxb4 5. c3 Be7 6. d4 d5 7. e5 Nc6 8. Nf3 Bd7 9. Bd3 h6 10. h4 a6 11. Nbd2 Rc8 12. c4 Bb4 13. cxd5 exd5 14. 0-0 Bc3 15. Rb1 b5 16. Nb3 Qb6 17. Bd2 Bxd4 18. Nfxd4 Nxd4 19. Be3 Rc4 20. Bxc4 dxc4 21. Bxd4 Qg6 22. Nc5 Bc6 23. f3 Qg3 24. Bf2 Qf4 25. Qd6 Ne7 26. Qb8+ 1-0